00754cam a22002178a 4500003000400000005001700004008004100021040003100062050001400093100003000107245013700137250002300274260003100297300004600328336002700374337002800401338002700429504004100456650001300497650002600510OSt20240724095213.0  cNUSTaNUSTbengdNUSTerda aTH151 MIT1 aGeorge A,MitchelleAuthor10aBuilding construction c:a Text book on the principles and details of modern construction for the use of students and practical men. aFourteenth Edition aLondon :bBatsford,c1944. axvi, 1134 pages. billustration ;c19 cm. 2rdacontentaText btxt 2rdamediaaunmediatedbn 2rdacarrieravolumebnc aIncludes bibliographical references. 0aBuilding 0aConstruction industry